000 00593nam a2200193Ia 4500
005 20250508160809.0
008 008 250505s9999 xx 000 0 eng d
037 _aTextual
040 _aFEDL
_beng
_cFEDL
041 _aeng
_2eng
084 _a371.270942, NUT
_qFEDL
100 _aNuttall Desmond L
_9769102
245 0 _aBritish examinations : Techniques of Analysis
260 _aEngland
_bNational Foundation for Educational Research
_c1972
300 _a164p.
700 _a Willmott Alan S
_9769392
942 _cTEXL
_h371.270942, NUT
999 _c1366682
_d1366682